[Event "Hastings Challengers 1993/94"]
[Site "Hastings"]
[Date "1994.01.04"]
[Round "7"]
[White "Basman, Michael John"]
[Black "Parker, Jonathan F"]
[Result "0-1"]
[WhiteElo "2350"]
[BlackElo "2370"]
[PlyCount "82"]
[EventDate "1993.12.29"]
[EventType "swiss"]
[EventRounds "9"]
[EventCountry "ENG"]
[SourceTitle "BritBase"]
[Source "John Saunders"]
[SourceDate "2025.11.18"]
[SourceVersion "1"]
[SourceVersionDate "2025.11.18"]
[SourceQuality "1"]

1. h3 d5 2. a3 h5 3. b4 e5 4. Bb2 Bd6 5. e3 Be6 6. Nf3 Nd7 7. c4 dxc4 8. Qc2 Nh6 9. Bxc4 Qf6 10. d3 Bxc4 11. dxc4 Qe6 12. Nbd2 f6 13. O-O g5 14. c5 Be7 15. Qg6+ Qf7 16. Qxf7+ Kxf7 17. Nc4 Nf8 18. Rad1 Ne6 19. Nfd2 g4 20. hxg4 hxg4 21. Ne4 Nf5 22. Rd7 Rh6 23. Rfd1 Rah8 24. Kf1 Rh1+ 25. Ke2 Rxd1 26. Rxd1 Rh2 27. g3 Rh8 28. a4 b6 29. cxb6 axb6 30. Bc3 Ra8 31. a5 bxa5 32. bxa5 Ra6 33. Rd5 Rc6 34. Kd3 Nd6 35. Ncxd6+ cxd6 36. Rb5 d5 37. Nd2 e4+ 38. Ke2 Rxc3 39. Rxd5 Rc2 40. a6 Ra2 41. a7 Nc5 {PLEASE NOTE - this game was played in the 1993/94 Hastings Challengers, not the 1994/95 event as wrongly given by ChessBase. JS} 0-1

[Event "Hastings Challengers 1993/94"]
[Site "Hastings"]
[Date "1994.01.04"]
[Round "7"]
[White "Bryson, Douglas Marshall"]
[Black "Spangenberg, Hugo"]
[Result "1-0"]
[WhiteElo "2320"]
[BlackElo "2535"]
[PlyCount "181"]
[EventDate "1993.12.29"]
[EventType "swiss"]
[EventRounds "9"]
[EventCountry "ENG"]
[SourceTitle "BritBase"]
[Source "John Saunders"]
[SourceDate "2025.11.18"]
[SourceVersion "1"]
[SourceVersionDate "2025.11.18"]
[SourceQuality "1"]

1. e4 c5 2. Nf3 e6 3. d4 cxd4 4. Nxd4 a6 5. c4 Nf6 6. Nc3 Qc7 7. Be2 b6 8. O-O Bb7 9. f3 Bd6 10. Kh1 Be7 11. Be3 O-O 12. Rc1 d6 13. Qd2 Nbd7 14. Rfd1 Rac8 15. Bf1 Qb8 16. Qf2 Rfe8 17. Nc2 Bd8 18. Bd4 Bc7 19. Qg1 Qa8 20. b4 Qb8 21. a4 Bd8 22. Na3 Be7 23. Rb1 Qc7 24. Rdc1 Rb8 25. Nc2 Ba8 26. Na1 Ne5 27. Nb3 Nc6 28. Nd5 exd5 29. cxd5 Qd7 30. dxc6 Bxc6 31. Bxb6 Bxa4 32. Bxa6 Bxb3 33. Rxb3 Qe6 34. Rbc3 Nd7 35. Bc8 Bg5 36. Be3 Bd8 37. Rc4 Qe7 38. Ba7 Bb6 39. Bxb6 Nxb6 40. Rc7 Qg5 41. Bb7 Na8 42. Rd7 Nb6 43. Rdc7 Na8 44. Bxa8 Rxa8 45. Qd4 Ra2 46. R7c2 Rxc2 47. Rxc2 d5 48. Rc5 Qh4 49. Rc1 dxe4 50. Qxe4 Qxe4 51. fxe4 Kf8 52. Rc4 f5 53. Kg1 fxe4 54. Kf2 e3+ 55. Ke2 Re5 56. Rc3 Rg5 57. g3 Ke7 58. Kxe3 Kd6 59. Rc4 Re5+ 60. Re4 Rf5 61. Kd3 Kd5 62. Rf4 Re5 63. Rf7 Rg5 64. Ra7 Rg4 65. Ra5+ Kc6 66. Rc5+ Kd6 67. Rc4 Rg5 68. Rh4 h6 69. Kc4 Kc6 70. Re4 h5 71. Re6+ Kd7 72. Ra6 h4 73. Ra3 Kc6 74. Rd3 hxg3 75. Rxg3 Rh5 76. Rg6+ Kc7 77. Rxg7+ Kb6 78. Rg6+ Kc7 79. Rg2 Kb6 80. Rb2 Rh4+ 81. Kd3 Kb5 82. Ke3 Rh8 83. Kf3 Rf8+ 84. Kg2 Rg8+ 85. Kh1 Rh8 86. Rb1 Rh7 87. Kg2 Rg7+ 88. Kf3 Rf7+ 89. Kg4 Rg7+ 90. Kf5 Rh7 91. Rh1 1-0

[Event "Hastings Challengers 1993/94"]
[Site "Hastings"]
[Date "1994.01.04"]
[Round "7"]
[White "Duncan, Christopher R"]
[Black "Flear, Glenn C"]
[Result "0-1"]
[WhiteElo "2280"]
[BlackElo "2500"]
[PlyCount "82"]
[EventDate "1993.12.29"]
[EventType "swiss"]
[EventRounds "9"]
[EventCountry "ENG"]
[SourceTitle "BritBase"]
[Source "John Saunders"]
[SourceDate "2025.11.18"]
[SourceVersion "1"]
[SourceVersionDate "2025.11.18"]
[SourceQuality "1"]

1. e4 e5 2. Nf3 Nc6 3. Bb5 a6 4. Ba4 Nf6 5. O-O Nxe4 6. d4 b5 7. Bb3 d5 8. dxe5 Be6 9. Nbd2 Bc5 10. Nxe4 dxe4 11. Ng5 Qxd1 12. Rxd1 Bxb3 13. cxb3 Bd4 14. Bf4 Bxb2 15. Rab1 Bxe5 16. Bxe5 Nxe5 17. Rd5 f6 18. Nxe4 Rd8 19. Rxd8+ Kxd8 20. Nc5 Kc8 21. f4 Ng6 22. g3 a5 23. Ne6 Re8 24. Nxg7 Re2 25. a4 b4 26. Nf5 Kb7 27. Rd1 Nf8 28. Rd5 Ne6 29. Ne7 c6 30. Rd7+ Kb6 31. f5 Ng5 32. Ng8 Rb2 33. Nxf6 Rxb3 34. Nxh7 Nxh7 35. Rxh7 Rf3 36. g4 Rf4 37. h3 b3 38. Rh8 Kc5 39. Rb8 Rb4 40. Rd8 b2 41. Rd1 Rc4 0-1

[Event "Hastings Challengers 1993/94"]
[Site "Hastings"]
[Date "1994.01.04"]
[Round "7"]
[White "Hinks-Edwards, Thomas RJ"]
[Black "Conquest, Stuart C"]
[Result "0-1"]
[WhiteElo "2205"]
[BlackElo "2485"]
[PlyCount "80"]
[EventDate "1993.12.29"]
[EventType "swiss"]
[EventRounds "9"]
[EventCountry "ENG"]
[SourceTitle "BritBase"]
[Source "John Saunders"]
[SourceDate "2025.11.18"]
[SourceVersion "1"]
[SourceVersionDate "2025.11.18"]
[SourceQuality "1"]

1. e4 g6 2. d4 Bg7 3. Nc3 c6 4. f4 d5 5. e5 h5 6. Nf3 Nh6 7. Bd3 Bf5 8. O-O e6 9. Ne2 Bf8 10. b3 c5 11. c4 Nc6 12. cxd5 Qxd5 13. Bxf5 Nxf5 14. Nc3 Qd7 15. Ne4 O-O-O 16. Nf6 Qc7 17. d5 exd5 18. Nxd5 Qa5 19. Bd2 Qa6 20. Nc3 Ne3 21. Bxe3 Rxd1 22. Rfxd1 Be7 23. Nd5 Rd8 24. Nxe7+ Nxe7 25. Bxc5 Rxd1+ 26. Rxd1 Nf5 27. a4 b6 28. Bf2 Qe2 29. Re1 Qb2 30. a5 bxa5 31. e6 fxe6 32. Ng5 Nd4 33. Ne4 Ne2+ 34. Kf1 Nxf4 35. Nc5 e5 36. Kg1 g5 37. Re4 g4 38. Na4 Ne2+ 39. Kf1 Qb1+ 40. Kxe2 Qxe4+ 0-1

[Event "Hastings Challengers 1993/94"]
[Site "Hastings"]
[Date "1994.01.04"]
[Round "7"]
[White "Lalic, Susan Kathryn"]
[Black "Wall, Timothy P"]
[Result "1-0"]
[WhiteElo "2335"]
[BlackElo "2230"]
[PlyCount "135"]
[EventDate "1993.12.29"]
[EventType "swiss"]
[EventRounds "9"]
[EventCountry "ENG"]
[SourceTitle "BritBase"]
[Source "John Saunders"]
[SourceDate "2025.11.18"]
[SourceVersion "1"]
[SourceVersionDate "2025.11.18"]
[SourceQuality "1"]

1. e4 e6 2. d4 b6 3. Bd3 Bb7 4. Nf3 c5 5. c3 Nf6 6. Qe2 Be7 7. O-O Nc6 8. a3 Na5 9. Nbd2 c4 10. Bc2 Qc7 11. a4 d6 12. Re1 e5 13. Nf1 O-O 14. Ng3 g6 15. Bh6 Rfe8 16. d5 Bf8 17. Bxf8 Rxf8 18. Qd2 Nd7 19. Qh6 f6 20. h4 Nc5 21. h5 Qg7 22. Qe3 Rae8 23. Nh4 Bc8 24. h6 Qe7 25. Nf3 Kh8 26. Nd2 f5 27. exf5 gxf5 28. f4 Qh4 29. Ngf1 Qxf4 30. Qxf4 exf4 31. Nf3 Nab3 32. Bxb3 Nxb3 33. Rad1 Bd7 34. Ng5 Kg8 35. Ne6 Rf6 36. Nxf4 Rxh6 37. Rxe8+ Bxe8 38. Ng3 Bxa4 39. Nxf5 Rf6 40. g4 Bd7 41. Nh5 Rf8 42. Nh6+ Kh8 43. Re1 Nd2 44. Re7 Nf3+ 45. Kg2 Ne5 46. g5 Be8 47. Nf6 Bg6 48. Rxa7 Nd3 49. Rd7 Nxb2 50. Rxd6 Na4 51. Rc6 Nxc3 52. Rxc4 Nxd5 53. Nxd5 Bf7 54. Rd4 Bxd5+ 55. Rxd5 Kg7 56. Kg3 Rb8 57. Rd7+ Kg6 58. Kg4 Rc8 59. Rd6+ Kg7 60. Rxb6 Rc4+ 61. Kh5 Rc7 62. Nf5+ Kg8 63. Nh6+ Kf8 64. Rb8+ Ke7 65. Rh8 Ke6 66. Ng4 Kf5 67. Rf8+ Ke6 68. Kh6 1-0

[Event "Hastings Challengers 1993/94"]
[Site "Hastings"]
[Date "1994.01.04"]
[Round "7"]
[White "Marusenko, Petr"]
[Black "Hunt, Harriet V"]
[Result "1/2-1/2"]
[WhiteElo "2370"]
[BlackElo "2135"]
[PlyCount "121"]
[EventDate "1993.12.29"]
[EventType "swiss"]
[EventRounds "9"]
[EventCountry "ENG"]
[SourceTitle "BritBase"]
[Source "John Saunders"]
[SourceDate "2025.11.18"]
[SourceVersion "1"]
[SourceVersionDate "2025.11.18"]
[SourceQuality "1"]

1. e4 c6 2. d4 d5 3. e5 Bf5 4. Nf3 e6 5. Be2 c5 6. Nc3 Nc6 7. Be3 Bg4 8. dxc5 Bxf3 9. Bxf3 Nxe5 10. O-O Nf6 11. Re1 Be7 12. b4 O-O 13. a3 Qd7 14. Bd4 Nxf3+ 15. Qxf3 Rac8 16. Rad1 b6 17. cxb6 axb6 18. Be5 Qc6 19. Qg3 Ne8 20. Ne2 Qxc2 21. Qe3 Ra8 22. Qxb6 Rxa3 23. Nd4 Qa4 24. Nc6 Bf6 25. Qc5 g6 26. b5 Bxe5 27. Nxe5 Nf6 28. b6 Rb3 29. Ra1 Qf4 30. g3 Qd2 31. Rad1 Ne4 32. Qxf8+ Kxf8 33. Rxd2 Nxd2 34. Ra1 Nc4 35. Ra8+ Kg7 36. Nxc4 dxc4 37. Rc8 Rxb6 38. Rxc4 Kf6 39. h4 e5 40. Kg2 Ke6 41. Rc8 Rb7 42. Re8+ Kd5 43. Rd8+ Kc4 44. Ra8 f5 45. Ra4+ Kd5 46. Ra5+ Ke6 47. Ra6+ Kf7 48. Rc6 Re7 49. Ra6 Kg7 50. Rb6 Kh6 51. Ra6 Kh5 52. Kh3 e4 53. Ra5 Kh6 54. Kg2 Kg7 55. h5 Rf7 56. hxg6 hxg6 57. Ra6 g5 58. Re6 Rf6 59. Re7+ Kg6 60. g4 fxg4 61. Rxe4 1/2-1/2

[Event "Hastings Challengers 1993/94"]
[Site "Hastings"]
[Date "1994.01.04"]
[Round "7"]
[White "Sher, Miron Naumovich"]
[Black "McNab, Colin Anderson"]
[Result "1/2-1/2"]
[WhiteElo "2535"]
[BlackElo "2490"]
[PlyCount "42"]
[EventDate "1993.12.29"]
[EventType "swiss"]
[EventRounds "9"]
[EventCountry "ENG"]
[SourceTitle "BritBase"]
[Source "John Saunders"]
[SourceDate "2025.11.18"]
[SourceVersion "1"]
[SourceVersionDate "2025.11.18"]
[SourceQuality "1"]

1. d4 d6 2. e4 g6 3. g3 Bg7 4. Bg2 Nc6 5. d5 Ne5 6. h3 c6 7. Ne2 cxd5 8. exd5 Nf6 9. Nbc3 h5 10. f4 Ned7 11. Be3 Nc5 12. Nd4 Bd7 13. Qe2 Rc8 14. Bf3 Qa5 15. Kf2 Qb4 16. Rab1 Nfe4+ 17. Nxe4 Nxe4+ 18. Bxe4 Bxd4 19. c3 Bxe3+ 20. Qxe3 Qc5 21. Rbe1 Bf5 1/2-1/2

[Event "Hastings Challengers 1993/94"]
[Site "Hastings"]
[Date "1994.01.04"]
[Round "7"]
[White "Thompson, Ian D"]
[Black "Cherniaev, Alexander"]
[Result "0-1"]
[WhiteElo "2184"]
[BlackElo "2420"]
[PlyCount "178"]
[EventDate "1993.12.29"]
[EventType "swiss"]
[EventRounds "9"]
[EventCountry "ENG"]
[SourceTitle "BritBase"]
[Source "John Saunders"]
[SourceDate "2025.11.18"]
[SourceVersion "1"]
[SourceVersionDate "2025.11.18"]
[SourceQuality "1"]

1. c4 e5 2. Nc3 Bb4 3. g3 Ne7 4. Bg2 O-O 5. Nf3 d6 6. Nd5 Nxd5 7. cxd5 c6 8. dxc6 Nxc6 9. O-O Bc5 10. d3 Bb6 11. b3 d5 12. Bb2 f6 13. e3 Be6 14. d4 e4 15. Nd2 Qd7 16. f3 exf3 17. Qxf3 Rad8 18. a3 Bc7 19. Rac1 Bg4 20. Qf2 Bb8 21. Rc5 Ne7 22. Re1 b6 23. Rcc1 h5 24. Nf3 Ng6 25. a4 Rfe8 26. Ba3 Bh3 27. Qc2 Bxg2 28. Kxg2 Qg4 29. Qf2 h4 30. Rc3 Kf7 31. h3 Qxg3+ 32. Qxg3 Bxg3 33. Rec1 Re6 34. R1c2 Rde8 35. Bc1 Ne7 36. a5 bxa5 37. Ra2 Nc6 38. Bd2 g5 39. Rc5 Rd8 40. Bxa5 Nxa5 41. Rcxa5 Rxe3 42. Rxa7+ Kg6 43. Rb2 Rc8 44. Ra5 Kf5 45. Rc5 Rb8 46. b4 Ke4 47. Rc6 Rxf3 48. Re2+ Re3 49. Re6+ Be5 50. Rxe3+ Kxe3 51. dxe5 f5 52. Rd6 Rxb4 53. Rxd5 Rb2+ 54. Kg1 Ke4 55. Ra5 Rb6 56. Kf2 Rb2+ 57. Kg1 Rb6 58. Kf2 Kf4 59. Rc5 Re6 60. Rc4+ Kxe5 61. Kf3 Rd6 62. Rc5+ Rd5 63. Rc3 Ra5 64. Rb3 Ra6 65. Rb5+ Kf6 66. Rb3 Kg6 67. Rc3 Kh5 68. Rc5 Ra2 69. Rxf5 Rh2 70. Rf8 Rxh3+ 71. Kg2 Ra3 72. Rb8 Ra2+ 73. Kh1 h3 74. Rh8+ Kg4 75. Rg8 Kh4 76. Rb8 Re2 77. Ra8 g4 78. Kg1 g3 79. Rh8+ Kg4 80. Rg8+ Kf4 81. Rf8+ Ke3 82. Re8+ Kd2 83. Rd8+ Kc3 84. Rc8+ Kd4 85. Rd8+ Kc5 86. Rc8+ Kd6 87. Rd8+ Kc7 88. Rd1 Rc2 89. Kh1 Kc6 {Source: Ian Thompson} 0-1

[Event "Hastings Challengers 1993/94"]
[Site "Hastings"]
[Date "1994.01.05"]
[Round "8"]
[White "Basman, Michael John"]
[Black "Hinks-Edwards, Thomas RJ"]
[Result "0-1"]
[WhiteElo "2350"]
[BlackElo "2205"]
[PlyCount "120"]
[EventDate "1993.12.29"]
[EventType "swiss"]
[EventRounds "9"]
[EventCountry "ENG"]
[SourceTitle "BritBase"]
[Source "John Saunders"]
[SourceDate "2025.11.18"]
[SourceVersion "1"]
[SourceVersionDate "2025.11.18"]
[SourceQuality "1"]

1. h3 d5 2. a3 e5 3. c4 c6 4. e3 Nf6 5. b4 Bd6 6. Bb2 O-O 7. Nf3 Re8 8. g4 h6 9. Rg1 a5 10. c5 Bc7 11. b5 Nbd7 12. d4 e4 13. g5 hxg5 14. Nxg5 Nf8 15. b6 Bb8 16. Nd2 Ng6 17. Qc2 Nh7 18. Nxh7 Kxh7 19. O-O-O Qf6 20. f3 exf3 21. h4 Rxe3 22. Bd3 Kh8 23. Rge1 Bf4 24. Bc3 Bg4 25. Rg1 Bh3 26. h5 Ne7 27. h6 g6 28. Rge1 f2 29. Rxe3 Bxe3 30. Kb2 Bxd4 31. Bxd4 Qxd4+ 32. Qc3 Qxc3+ 33. Kxc3 Bf5 34. Rf1 Bxd3 35. Kxd3 Nf5 36. Rxf2 Re8 37. Rf4 Re3+ 38. Kc2 Rxa3 39. Kb2 Re3 40. Ra4 Re2 41. Kc1 Re1+ 42. Kc2 Re7 43. Rxa5 Nd4+ 44. Kd3 Ne6 45. Nb3 Kh7 46. Ra7 Kxh6 47. Na5 Rd7 48. Nb3 d4 49. Ra2 g5 50. Ra1 Kg6 51. Ra2 f5 52. Ra8 g4 53. Kc4 g3 54. Nd2 Ng5 55. Ra1 f4 56. Kd3 Kf5 57. Nc4 f3 58. Nd6+ Rxd6 59. cxd6 Ke6 60. Kxd4 g2 {PLEASE NOTE - this game was played in the 1993/94 Hastings Challengers, not the 1994/95 event as wrongly given by ChessBase. JS} 0-1

[Event "Hastings Challengers 1993/94"]
[Site "Hastings"]
[Date "1994.01.05"]
[Round "8"]
[White "Cherniaev, Alexander"]
[Black "Yakovich, Yuri"]
[Result "0-1"]
[WhiteElo "2420"]
[BlackElo "2525"]
[PlyCount "62"]
[EventDate "1993.12.29"]
[EventType "swiss"]
[EventRounds "9"]
[EventCountry "ENG"]
[SourceTitle "BritBase"]
[Source "John Saunders"]
[SourceDate "2025.11.18"]
[SourceVersion "1"]
[SourceVersionDate "2025.11.18"]
[SourceQuality "1"]

1. e4 e5 2. Nf3 Nc6 3. Nc3 Nf6 4. d4 exd4 5. Nxd4 Bb4 6. Nxc6 bxc6 7. Bd3 Bxc3+ 8. bxc3 Qe7 9. O-O d6 10. Ba3 O-O 11. Re1 Qe5 12. Qd2 Ng4 13. g3 Qa5 14. Bb4 Qh5 15. f4 c5 16. Ba3 Bb7 17. Rab1 Rab8 18. Qg2 f5 19. h3 Nf6 20. Rxb7 Rxb7 21. exf5 Rbb8 22. Bc4+ d5 23. Bxd5+ Nxd5 24. Qxd5+ Kh8 25. Qg2 Qxf5 26. Re5 Qf7 27. Bxc5 Rfe8 28. Rxe8+ Rxe8 29. Bxa7 Qxa2 30. Bd4 Re1+ 31. Kh2 Rc1 0-1

[Event "Hastings Challengers 1993/94"]
[Site "Hastings"]
[Date "1994.01.05"]
[Round "8"]
[White "Crouch, Colin S"]
[Black "Thompson, Ian D"]
[Result "1-0"]
[WhiteElo "2415"]
[BlackElo "2184"]
[PlyCount "43"]
[EventDate "1993.12.29"]
[EventType "swiss"]
[EventRounds "9"]
[EventCountry "ENG"]
[SourceTitle "BritBase"]
[Source "John Saunders"]
[SourceDate "2025.11.18"]
[SourceVersion "1"]
[SourceVersionDate "2025.11.18"]
[SourceQuality "1"]

1. e4 e6 2. d4 d5 3. e5 c5 4. dxc5 Nc6 5. Nf3 Bxc5 6. a3 a5 7. Nc3 Nge7 8. Bd3 Ng6 9. Qe2 O-O 10. h4 f6 11. Bxg6 hxg6 12. h5 Nxe5 13. Nxe5 fxe5 14. hxg6 Rf5 15. g4 Rxf2 16. Qxe5 Qf6 17. Qh5 Kf8 18. Ne4 Qf3 19. Qh8+ Ke7 20. Qxg7+ Ke8 21. Rh8+ Bf8 22. Nd6+ {Source: Ian Thompson} 1-0

[Event "Hastings Challengers 1993/94"]
[Site "Hastings"]
[Date "1994.01.05"]
[Round "8"]
[White "Duncan, Christopher R"]
[Black "Bronstein, David I"]
[Result "1/2-1/2"]
[WhiteElo "2280"]
[BlackElo "2395"]
[PlyCount "28"]
[EventDate "1993.12.29"]
[EventType "swiss"]
[EventRounds "9"]
[EventCountry "ENG"]
[SourceTitle "BritBase"]
[Source "John Saunders"]
[SourceDate "2025.11.18"]
[SourceVersion "1"]
[SourceVersionDate "2025.11.18"]
[SourceQuality "1"]

1. e4 e6 2. d4 d5 3. e5 c5 4. c3 Bd7 5. Nf3 Qb6 6. Be2 Nc6 7. O-O Nge7 8. Na3 a6 9. Re1 cxd4 10. cxd4 Nf5 11. Nc2 Nb4 12. Na3 Nc6 13. Nc2 Nb4 14. Na3 Nc6 1/2-1/2

[Event "Hastings Challengers 1993/94"]
[Site "Hastings"]
[Date "1994.01.05"]
[Round "8"]
[White "Flear, Glenn C"]
[Black "Sher, Miron Naumovich"]
[Result "0-1"]
[WhiteElo "2500"]
[BlackElo "2535"]
[PlyCount "104"]
[EventDate "1993.12.29"]
[EventType "swiss"]
[EventRounds "9"]
[EventCountry "ENG"]
[SourceTitle "BritBase"]
[Source "John Saunders"]
[SourceDate "2025.11.18"]
[SourceVersion "1"]
[SourceVersionDate "2025.11.18"]
[SourceQuality "1"]

1. d4 d5 2. c4 c6 3. Nf3 Nf6 4. e3 Bf5 5. cxd5 cxd5 6. Qb3 Qc7 7. Bd2 a6 8. Nc3 e6 9. Rc1 Nc6 10. Ne5 Bd6 11. Nxc6 bxc6 12. Na4 O-O 13. Qb6 Qe7 14. Qxc6 Ne4 15. Nc3 Nxd2 16. Kxd2 Rab8 17. Bd3 Bxd3 18. Kxd3 Rxb2 19. Rc2 Rxc2 20. Kxc2 Bb4 21. g3 Qf6 22. Rf1 Qf5+ 23. Kd2 e5 24. g4 Qxg4 25. Qxd5 exd4 26. Qxd4 Bxc3+ 27. Kxc3 Rc8+ 28. Kd2 Qf5 29. Qd3 Qa5+ 30. Ke2 Qxa2+ 31. Kf3 g6 32. Rd1 Qe6 33. Kg3 a5 34. Qd5 Qxd5 35. Rxd5 Ra8 36. Rd3 a4 37. Ra3 f5 38. Kf4 Ra5 39. h4 h6 40. f3 Kf7 41. e4 Ke6 42. Ke3 Kf6 43. Kf4 fxe4 44. fxe4 g5+ 45. hxg5+ hxg5+ 46. Kg4 Ke5 47. Kxg5 Kxe4+ 48. Kg4 Kd4 49. Kf3 Kc4 50. Ke2 Kb4 51. Ra1 a3 52. Kd2 a2 0-1

[Event "Hastings Challengers 1993/94"]
[Site "Hastings"]
[Date "1994.01.05"]
[Round "8"]
[White "Hertan, Charles E"]
[Black "Hunt, Harriet V"]
[Result "1-0"]
[WhiteElo "2360"]
[BlackElo "2135"]
[PlyCount "101"]
[EventDate "1993.12.29"]
[EventType "swiss"]
[EventRounds "9"]
[EventCountry "ENG"]
[SourceTitle "BritBase"]
[Source "John Saunders"]
[SourceDate "2025.11.18"]
[SourceVersion "1"]
[SourceVersionDate "2025.11.18"]
[SourceQuality "1"]

1. c4 e6 2. Nc3 d5 3. cxd5 exd5 4. d4 Nf6 5. Bg5 Be7 6. e3 c6 7. Bd3 Nbd7 8. Nge2 O-O 9. O-O Re8 10. Ng3 Nf8 11. Qc2 g6 12. Rab1 a5 13. a3 Ne6 14. Bxf6 Bxf6 15. b4 Qd6 16. Rfc1 Ng7 17. Na4 axb4 18. axb4 h5 19. Nb6 Ra3 20. Nxc8 Rxc8 21. b5 h4 22. Nf1 Ne6 23. bxc6 bxc6 24. Rb7 Nd8 25. Rb6 Be7 26. Nd2 Rca8 27. Nf3 Ra2 28. Rb2 Rxb2 29. Qxb2 Qf6 30. Qe2 Bd6 31. h3 Ra5 32. Qd2 Ra3 33. Bf1 Qe7 34. Qb2 Ra7 35. Ra1 Rxa1 36. Qxa1 Bc7 37. Qa8 Kg7 38. Qa4 Qf6 39. Qa8 Qe7 40. Kh1 Qd6 41. Qc8 Ne6 42. Qe8 Ng5 43. Ne5 Qf6 44. f4 Ne4 45. Nxc6 g5 46. Ne7 gxf4 47. Qg8+ Kh6 48. Nxd5 Qe6 49. Nxc7 Nf2+ 50. Kh2 Qd6 51. Ne8 {Source: primary source not known - it wasn't in the bulletin but appears on Mega Database 2022} 1-0

[Event "Hastings Challengers 1993/94"]
[Site "Hastings"]
[Date "1994.01.05"]
[Round "8"]
[White "Hunt, Adam C"]
[Black "Tozer, Richard JD"]
[Result "0-1"]
[WhiteElo "2155"]
[BlackElo "2300"]
[PlyCount "70"]
[EventDate "1993.12.29"]
[EventType "swiss"]
[EventRounds "9"]
[EventCountry "ENG"]
[SourceTitle "BritBase"]
[Source "John Saunders"]
[SourceDate "2025.11.18"]
[SourceVersion "1"]
[SourceVersionDate "2025.11.18"]
[SourceQuality "1"]

1. e4 c5 2. Nf3 e6 3. d4 cxd4 4. Nxd4 Nc6 5. Nb5 d6 6. c4 Nf6 7. N1c3 Be7 8. Be2 O-O 9. O-O b6 10. Bf4 Ne5 11. Be3 Bb7 12. f4 Ng6 13. Qd3 a6 14. Nd4 Rc8 15. Rac1 Re8 16. Rfd1 e5 17. Nf5 Nxf4 18. Bxf4 exf4 19. e5 Nd7 20. exd6 Bf6 21. Ne7+ Bxe7 22. dxe7 Rxe7 23. Bg4 Qc7 24. Bxd7 Rd8 25. Nd5 Qc5+ 26. Kh1 Rexd7 27. b4 Qd6 28. h3 b5 29. Qf5 Qe6 30. Qg5 f6 31. Qh5 f3 32. gxf3 bxc4 33. Nc3 Rxd1+ 34. Rxd1 Rxd1+ 35. Nxd1 Qe2 {(Mega Database 2022 incorrectly gives White as Harriet Hunt)} 0-1

[Event "Hastings Challengers 1993/94"]
[Site "Hastings"]
[Date "1994.01.05"]
[Round "8"]
[White "McCamon, Boyd T"]
[Black "James, Geoffrey H"]
[Result "1/2-1/2"]
[WhiteElo "2300"]
[BlackElo "2220"]
[PlyCount "73"]
[EventDate "1993.12.29"]
[EventType "swiss"]
[EventRounds "9"]
[EventCountry "ENG"]
[SourceTitle "Denman Collection"]
[Source "Brian Denman"]
[SourceDate "2023.11.29"]
[SourceVersion "1"]
[SourceVersionDate "2023.11.29"]
[SourceQuality "1"]

1. d4 Nf6 2. Bg5 d5 $6 3. Bxf6 exf6 4. e3 Bf5 5. c4 $5 dxc4 (5... Bxb1 6. Qxb1 Bb4+ 7. Kd1 $14) 6. Nc3 Bd3 7. Bxd3 cxd3 8. Qxd3 c6 9. Nf3 Bd6 10. O-O O-O 11. Rfd1 Na6 12. a3 Qe7 13. Ne4 Bc7 14. b4 Rfd8 15. Rac1 g6 16. Nc3 f5 17. g3 Rd7 18. Qc4 Rad8 19. b5 cxb5 20. Nxb5 Bb8 21. Qa4 Qe4 22. Nd2 Qg4 23. Kg2 h5 24. h3 Qg5 25. Nf3 Qe7 26. h4 f6 27. Nc3 Nc7 28. Qb3+ Nd5 29. Nxd5 Rxd5 30. Rc5 Qf7 31. Rxd5 Qxd5 32. Rb1 b6 33. Qxd5+ Rxd5 34. Rc1 Bd6 35. a4 b5 36. axb5 Rxb5 37. Rc6 {Source: G H James.} 1/2-1/2

[Event "Hastings Challengers 1993/94"]
[Site "Hastings"]
[Date "1994.01.05"]
[Round "8"]
[White "Parker, Jonathan F"]
[Black "Arkell, Keith C"]
[Result "1/2-1/2"]
[WhiteElo "2370"]
[BlackElo "2475"]
[PlyCount "95"]
[EventDate "1993.12.29"]
[EventType "swiss"]
[EventRounds "9"]
[EventCountry "ENG"]
[SourceTitle "BritBase"]
[Source "John Saunders"]
[SourceDate "2025.11.18"]
[SourceVersion "1"]
[SourceVersionDate "2025.11.18"]
[SourceQuality "1"]

1. d4 e6 2. c4 Bb4+ 3. Bd2 a5 4. Nf3 d6 5. g3 Nc6 6. Bg2 e5 7. d5 Bxd2+ 8. Nbxd2 Nce7 9. O-O f5 10. e4 Nf6 11. Ne1 Ng6 12. Nd3 O-O 13. Qc2 b6 14. b3 f4 15. Nf3 Nd7 16. a3 h5 17. h4 Nc5 18. b4 Nxd3 19. Qxd3 Qe7 20. Qc3 Bg4 21. Ng5 Qf6 22. Bf3 Nh8 23. Kg2 Nf7 24. Ne6 Bxe6 25. dxe6 Nd8 26. c5 axb4 27. axb4 Rxa1 28. Rxa1 bxc5 29. bxc5 Nxe6 30. cxd6 cxd6 31. Bxh5 fxg3 32. fxg3 Qf2+ 33. Kh3 Nd4 34. Qe1 Qf6 35. Qe3 Kh7 36. Rb1 Ra8 37. Qd3 Rf8 38. Qe3 Qe6+ 39. Bg4 Qa2 40. Rh1 Rf2 41. Qg5 Qa8 42. Rc1 Qxe4 43. Qh5+ Kg8 44. Rc8+ Rf8 45. Rxf8+ Kxf8 46. Qh8+ Kf7 47. Bh5+ g6 48. Qh7+ 1/2-1/2

[Event "Hastings Challengers 1993/94"]
[Site "Hastings"]
[Date "1994.01.05"]
[Round "8"]
[White "Shaw, John Kerr"]
[Black "Lalic, Susan Kathryn"]
[Result "1-0"]
[WhiteElo "2270"]
[BlackElo "2335"]
[PlyCount "77"]
[EventDate "1993.12.29"]
[EventType "swiss"]
[EventRounds "9"]
[EventCountry "ENG"]
[SourceTitle "BritBase"]
[Source "John Saunders"]
[SourceDate "2025.11.18"]
[SourceVersion "1"]
[SourceVersionDate "2025.11.18"]
[SourceQuality "1"]

1. e4 e6 2. d4 d5 3. e5 c5 4. c3 Nc6 5. Nf3 Nge7 6. Na3 cxd4 7. cxd4 Nf5 8. Nc2 Qb6 9. Be2 Be7 10. O-O Bd7 11. Rb1 Rc8 12. b4 a5 13. g4 Nh4 14. Nxh4 Bxh4 15. b5 Ne7 16. Ne3 h5 17. gxh5 Bg5 18. f4 Bh6 19. Qd3 f5 20. exf6 gxf6 21. Ba3 Kf7 22. Bc5 Rxc5 23. dxc5 Qxc5 24. Kh1 f5 25. Rbc1 Qb6 26. a4 Rg8 27. Rc2 Nc8 28. Nc4 dxc4 29. Qxd7+ Ne7 30. Rxc4 Rd8 31. Qc7 Qe3 32. Qe5 Bxf4 33. Qxf4 Qxe2 34. Rc7 Rd2 35. Rg1 Qd3 36. Rg7+ Kf8 37. Qh6 Rd1+ 38. Rg1+ Ke8 39. Qh8+ 1-0